000 00246nam a2200109Ia 4500
008 220204s9999 xx 000 0 und d
082 _a82-3
_bRIG
100 _aRigdon, Charles
245 0 _aDiosa
260 _aNew York
_bPocket
_c1978
942 _cBK
999 _c32134
_d32134